000 00581cam a22002291 4500
001 sa 67001955
003 DLC
005 20260227112327.0
008 890803s1965 ii ac b 000 0 telo
010 _asa 67001955
035 _a(OCoLC)20122264
040 _aDLC
_cWaU
_dDLC
042 _apremarc
050 0 0 _aDS481.G3
_bP35
100 1 _aParthasarathy, N. C. S.
245 1 0 _aMahātma Gāndhi.
260 _c1965.
300 _aii, 140 p.
_billus., ports.
_c22 cm.
500 _aIn Telugu.
504 _aBibliography: p. 140.
600 1 0 _aGandhi,
_cMahatma,
_d1869-1948.
999 _c72956
_d72956